Cartas marítimas / (Record no. 163790)

MARC details
000 -LEADER
campo de control de longitud fija 01025nam a22002295i 4500
001 - NÚMERO DE CONTROL
campo de control 163790
003 - IDENTIFICADOR DE NÚMERO DE CONTROL
campo de control ES-MaACL
005 - FECHA Y HORA DE LA ÚLTIMA TRANSACCIÓN
campo de control 20250930063144.0
008 - DATOS DE LONGITUD FIJA--INFORMACIÓN GENERAL
campo de control de longitud fija 050718m19001903sp | |||||||| ||spa d
040 ## - FUENTE DE CATALOGACIÓN
Centro catalogador/agencia de origen CAM
Lengua de catalogación spa
Centro/agencia transcriptor CAM
100 1# - ENTRADA PRINCIPAL--NOMBRE DE PERSONA
Nombre de persona Ortiz del Barco, Juan,
Fechas asociadas al nombre 1859-1914
9 (RLIN) 87611
245 10 - MENCIÓN DEL TÍTULO
Título Cartas marítimas /
Mención de responsabilidad, etc. por Juan Ortiz del Barco.
260 ## - PUBLICACIÓN, DISTRIBUCIÓN, ETC.
Lugar de publicación, distribución, etc. [S.l. :
Nombre del editor, distribuidor, etc. s.n.,
Fecha de publicación, distribución, etc. s.a.]
300 ## - DESCRIPCIÓN FÍSICA
Extensión 1 v. (pág. var.) ;
Dimensiones 22 cm.
500 ## - NOTA GENERAL
Nota general Prefacio fechado en 1900.
594 ## - Nota al título y mención de responsabilidad
Nota al título y mención de responsabilidad Juan Ortiz del Barco es seud. de Manuel Rodríguez Martín.
596 ## - NOTA AL PIE DE IMPRENTA
NOTA AL PIE DE IMPRENTA Parece que es la ed. que describe Palau impresa en Covadonga: en la imp. particular del autor, 1900-1903.
597 ## - NOTA DE DESCRIPCIÓN FÍSICA
NOTA DE DESCRIPCIÓN FÍSICA Son 8 folletos: I (12 p.), II (12 p.), III (19 p.), V (31 p.), VII (30 p.), VIII (41 p.), IX (58 p.), XIII (44 p.)
650 #4 - PUNTO DE ACCESO ADICIONAL DE MATERIA--TÉRMINO DE MATERIA
Término de materia o nombre geográfico como elemento de entrada Marina de guerra-
Subdivisión geográfica España.
9 (RLIN) 136467
852 ## - LOCALIZACIÓN
Ubicación ES-MaACL
Número de control de estantería T-1017-F-4
Nota libre -- Enc. hol.
condición física -- Falto de port.?
-- Faltan los folletos IV, VI, X-XII y XIV
Nota libre -- Enc. en un vol. facticio
Holdings
Estatus retirado Estado de pérdida Estado de daño No para préstamo Colección Biblioteca de origen Biblioteca actual Ubicación en estantería Fecha de adquisición Total de préstamos Signatura topográfica completa Código de barras Visto por última vez Precio de reemplazo Tipo de ítem Koha
        Colección de folletos Biblioteca del Ateneo de Madrid Biblioteca del Ateneo de Madrid Depósito folletos 17/01/2008   T-1017-F-4 1171650 23/02/2023 23/02/2023 Folleto